| 000 | 01114cam a22003255a 4500 | ||
|---|---|---|---|
| 001 | 16676763 | ||
| 003 | EG-ScBUE | ||
| 005 | 20221101095026.0 | ||
| 008 | 110303t2012 njua f b 001 0 eng d | ||
| 020 | _a9780470641910 | ||
| 040 |
_aDLC _beng _erda _cDLC _dDLC _dEG-ScBUE _dEG-ScBUE |
||
| 082 | 0 | 4 |
_a721 _bALL _222 |
| 100 | 1 |
_aAllen, Edward, _d1938- _eauthor. _917019 |
|
| 245 | 1 | 4 |
_aThe architect's studio companion : _brules of thumb for preliminary design / _cEdward Allen and Joseph Iano. |
| 246 | 3 | 0 | _aRules of thumb for preliminary design |
| 250 | _aFifth edition. | ||
| 264 | 1 |
_aHoboken, NJ : _bJohn Wiley & Sons, _c[2012] |
|
| 264 | 4 | _cc2012 | |
| 300 |
_aix, 486 pages : _billustrations ; _c29 cm |
||
| 336 |
_2rdacontent _atext _btxt |
||
| 337 |
_2rdamedia _aunmediated _bn |
||
| 338 |
_2rdacarrier _avolume _bnc |
||
| 504 | _aIncludes bibliographical references and index. | ||
| 650 | 7 |
_aArchitectural design _vHandbooks, manuals, etc. _2BUEsh |
|
| 651 | _2BUEsh | ||
| 653 |
_bENGARC _cSeptember2015 _cNovember2015 |
||
| 655 | _vReading book | ||
| 700 | 1 |
_aIano, Joseph, _eauthor. |
|
| 942 |
_2ddc _cBB |
||
| 999 |
_c20830 _d20802 |
||